000
00250nam a22001097a 4500
082
_a
355 MAL
100
_a
MALLALIEU, J. P W
_9
79972
245
_a
THE MAKING OF ISRAEL'S ARMY
260
_a
LONDON
_b
A PANTHER BOOK
_c
1963
300
_a
70P
942
_c
BK
999
_c
584949
_d
584949